Total quality control
| Main Author: | |
|---|---|
| Format: | Book |
| Published: |
New York :
McGraw-Hill,Inc. ,
1991
|
| Edition: | 3rd edition, revised |
| Subjects: |
MARC
| LEADER | 00000cam a2200000 7i4500 | ||
|---|---|---|---|
| 001 | 0000000945 | ||
| 002 | 000001052 | ||
| 005 | 20000330.0 | ||
| 020 | |a 0071126120 | ||
| 090 | 0 | 0 | |a 658.562 |b FEI |
| 100 | 1 | |a Feigenbaum, Armand V | |
| 245 | 1 | 0 | |a Total quality control |c Armand V. Feigenbaum |
| 250 | |a 3rd edition, revised | ||
| 260 | |a New York : |b McGraw-Hill,Inc. , |c 1991 | ||
| 300 | |a 863p. : |b ill ; |c 23cm. | ||
| 650 | 0 | 0 | |a Quality control |
| 999 | |a 029463 |b BUKU |c PINJAMAN |e PERPUSTAKAAN KOMUNITI PETALING JAYA | ||